Responses for Show #7575 - Friday, July 14, 2017

Contestants

[<< previous game]

Vicky Smith, a children's book review editor from South Portland, Maine

Larissa Dizon, an academic advisor from San Diego, California

Gavin Borchert, a writer and editor from Seattle, Washington (whose 2-day cash winnings total $29,400)

[next game >>]

Jeopardy! Round responses

ABBREVIATED NO. 1 TV SHOWS
NATION STATE
KID LIT
YOU GET A "D"
ICYMI
(Alex: In case you missed it.)
HIDDEN GEMS
(Alex: The name of a gem is hidden with the text of each clue, and the letters are in order.)
    $200 10
Dallas

Gavin
    $200 1
(Gavin: What is Rwanda?)
(Vicky: What is South Par--what is [*]?)
(Alex: Yes, you almost said South Park.)
[Laughter]

South Africa

GavinVicky
    $200 2
Anne

Larissa
    $200 7
dead end

Vicky
    $200 22
a cat

Vicky
    $200 17
a ruby (in cherub you)

Larissa
    $400 11
Who Wants to be a Millionaire

Gavin
    $400 27
[The end-of-round signal sounds.]

Cambodia

Gavin
    $400 3
a triceratops

Vicky
    $400 8
docket

Vicky
    $400 23
(Alex: Less than a minute now.)

Metallica

Larissa
    $400 18
an emerald (in ephemeral dreams)

Larissa
    $600 12
Seinfeld

Gavin
    $600 4
Percy Jackson

Vicky
    $600 9
a dossier

Gavin
    $600 24
Jose Cuervo

Triple Stumper
    $600 19
an opal (in shop along)

Gavin
    $800 13
(Gavin: What is Arrested Development?)

American Idol

Gavin
Triple Stumper
    $1,200 5
(Alex: Vicky?)
(Vicky: What is being logical?)

by jumping

Vicky
    $800 15
(Vicky: What is a mating dance?)
(Larissa: What is a dance?)

a display

LarissaVicky
Triple Stumper
    $800 25
the Vikings

Larissa
    $800 20
topaz (in top azalea)

Gavin
    $1000 14
Laverne & Shirley

Vicky
    $1000 6
Tuck

Vicky
    $1000 16
(Larissa: What are dogs?)

dentures

GavinLarissa
    $1000 26
a tsunami

Larissa
    $1000 21
jade (in raja delved)

Vicky

Scores at the first commercial break (after clue 15):

Gavin Larissa Vicky
$800 -$600 $1,800

Scores at the end of the Jeopardy! Round:

Gavin Larissa Vicky
$3,600 $1,200 $3,000

Double Jeopardy! Round responses

KANSAS HISTORY
THE BIBLE
MUSIC TO MY YEARS
THE ORIENT EXPRESSION
BIG BEN
YOU CAN SET YOUR WATCH BY IT
    $400 25
1861

Vicky
    $400 19
John the Baptist

Vicky
    $400 1
1984

Vicky
    $400 7
tea

Gavin
    $400 2
a balloon

Gavin
    $400 16
the Constitution

Vicky
    $800 27
the state supreme court

Triple Stumper
    $800 20
amen

Gavin
    $800 3
1989

Larissa
    $800 8
East is East and West is West

Gavin
    $800 12
stealth craft

Gavin
    $800 17
(Alex: The New York Stock Exchange.)

a bell

Gavin
    $1200 28
[The end-of-round signal sounds.]

Landon

Gavin
    $1200 21
Sodom and Gomorrah

Larissa
    $1200 4
1999

Gavin
    $1200 9
promises

Larissa
    $1200 13
Ben Bernanke

Gavin
    $3,000 18
the changing of the guard

Gavin
    $3,000 22
(Larissa: I have no idea. Who are the Barbers?)

the Greeks

Larissa
    $1600 5
1977

Vicky
    $1600 10
Muay

Larissa
    $1600 14
Sacco and Vanzetti

Vicky
    $1600 24
retreat

Gavin
    $2000 23
Lamentations

Triple Stumper
    $2000 6
1963

Gavin
    $2000 11
the Levant

Triple Stumper
    $2000 15
(Gavin: Who is Marlowe?)

Ben Jonson

GavinVicky
    $2000 26
India and Pakistan

Triple Stumper

Scores at the end of the Double Jeopardy! Round:

Gavin Larissa Vicky
$15,800 $3,000 $9,800

[wagering suggestions for these scores]

Final Jeopardy! Round responses

CONTEMPORARY AMERICAN AUTHORS
LarissaWho is Fitzgerald
$3,000
VickyWho is McCarthy
$9,800
GavinWho is Cormac McCarthy?
$5,000
Cormac McCarthy

Final scores:

Gavin Larissa Vicky
$20,800 $0 $19,600
3-day champion: $50,200 3rd place: $1,000 2nd place: $2,000

Game dynamics:

Coryat scores:

Gavin Larissa Vicky
$14,000 $6,000 $11,000
20 R
(including 1 DD),
3 W
10 R,
3 W
(including 1 DD)
16 R,
2 W
(including 1 DD)

Combined Coryat: $31,000

[game clues] [game scores] [suggest correction]

Game tape date: Unknown
The J! Archive is created by fans, for fans. Scraping, republication, monetization, and malicious use prohibited; this site may use cookies and collect identifying information. See terms. The Jeopardy! game show and all elements thereof, including but not limited to copyright and trademark thereto, are the property of Jeopardy Productions, Inc. and are protected under law. This website is not affiliated with, sponsored by, or operated by Jeopardy Productions, Inc. Join the discussion at JBoard.tv.